Т. [66]: Союз Советских Социалистических Республик; Большая советская энциклопедия

Bibliographische Detailangaben
Parent link:Большая советская энциклопедия: в [66] т./ гл. ред. О. Ю. Шмидт. Т. [66]: Союз Советских Социалистических Республик.— , 1926-
Zusammenfassung:Нумерация стр. в двойной пагинации.
Sprache:Russisch
Veröffentlicht: ОГИЗ СССР, 1947
Schlagworte:
Format: MixedMaterials Buch
KOHA link:https://koha.lib.tpu.ru/cgi-bin/koha/opac-detail.pl?biblionumber=266139

MARC

LEADER 00000nam2a2200000 4500
001 266139
005 20231031223413.0
035 |a (RuTPU)RU\TPU\book\289143 
035 |a RU\TPU\book\289140 
090 |a 266139 
100 |a 20140703d1947 km y0rusy50 ca 
101 0 |a rus 
102 |a RU 
105 |a abcff 001zy 
200 0 |a Т. [66]: Союз Советских Социалистических Республик 
210 |c ОГИЗ СССР  |d 1947 
215 |a 1946, LXXX с., [52] вкл. л.  |c ил. 
300 |a Нумерация стр. в двойной пагинации. 
320 |a Библиогр.: с. XLI-LXXX 
320 |a Хронология: с. I-XL. 
461 1 |0 (RuTPU)RU\TPU\book\288931  |t Большая советская энциклопедия  |o в [66] т.  |f гл. ред. О. Ю. Шмидт  |v Т. [66]: Союз Советских Социалистических Республик  |d 1926- 
610 1 |a справочные издания 
610 1 |a энциклопедии 
801 1 |a RU  |b 63413507  |c 20140701 
801 2 |a RU  |b 63413507  |c 20140703  |g RCR 
942 |c BK